Statistics for NFL Player Number Jersey

Click here to take the quiz!

General Stats

  • This quiz has been taken 41 times
  • The average score is 33 of 36

Answer Stats

PlayerAnswer% Correct
Tom Brady12
100%
Patrick Mahomes15
100%
Josh Allen17
100%
Russell Wilson3
100%
Odell Beckham Jr3
100%
Lamar Jackson8
100%
Cooper Kupp10
97%
Mac Jones10
97%
Micah Parsons11
97%
A.J. Brown11
97%
Devonta Smith6
97%
Travis Kelce87
97%
Ceedee Lamb88
97%
Stephon Gilmore9
97%
Matthew Judon9
97%
Justin Jefferson18
94%
Deebo Samuel19
94%
Julio Jones2
94%
Robert Woods2
94%
Jonathan Taylor28
94%
Joe Mixon28
94%
Dak Prescott4
94%
Trevon Diggs7
94%
Antonio Brown81
94%
Mike Williams81
94%
T.J. Watt90
90%
Nick Bosa97
90%
Joey Bosa97
90%
Von Miller40
87%
Jason Kelce62
87%
Tony Pollard20
84%
Trent Williams71
81%
Vita Vea50
77%
Fletcher Cox91
77%
Byron Jones24
74%
Javonte Williams33
68%

Score Distribution

Percentile by Number Answered

Percent of People with Each Score

Your Score History

You have not taken this quiz